| 000 | 00341nam a2200145Ia 4500 | ||
|---|---|---|---|
| 008 | 230917s9999||||xx |||||||||||||| ||und|| | ||
| 040 |
_e49869 _aMAIN |
||
| 041 | _aEnglish | ||
| 082 | _a181.4 T326P | ||
| 100 | _aThakur, Amatalal | ||
| 245 | 0 | _aPhilosophical essays | |
| 260 |
_aCalcutta _bSanskrit _c1987 |
||
| 300 | _a251 p. | ||
| 942 | _cBK | ||
| 999 |
_c60428 _d60428 |
||